000 00865cam a2200205 i 4500
005 20251202074633.0
008 250721s2015 ua gr 000 0 ara d
082 1 4 _a213.63
_bع ث م
100 1 _aعثمان، اشرف احمد
_eمعد.
245 1 0 _aاتحاف المسلم بقصص صحيحة من البخاري ومسلم /
_cإعداد أشرف أحمد عثمان.
264 3 1 _aالاسكندرية :
_bدار الايمان للطبع والنشر والتوزيع،
_c2015.
264 3 1 _aالاسكندرية :
_bدار القمة لتوزيع الكتب والشريط والسي دي،
_c2015.
300 _a182 صفحة.
650 1 7 _aالحديث الشريف.
650 1 7 _aجوامع الحديث.
650 1 7 _aصحيح البخاري.
650 1 7 _aصحيح مسلم.
942 _2ddc
_cBK
999 _c135476
_d135476